000 00687nam a2200217 a 4500
001 BRCA_6268
005 20190320205407.0
008 290711s1820----u--#######---#000-0#eng-#
041 _aeng
044 _au
050 4 _aF1234
_b.R63 1820
100 1 _aRobinson, William Davis
_9826
245 1 0 _aMemoirs of the Mexican Revolution
_bincluding a narrative of the expedition of General Xavier Mina...
_cby William Davis Robinson.
260 _aFiladelfia
_bLydia R. Bailey
_c1820
300 _a396 p.
_c23 cm.
500 _aEstado físico: Encuadernación deteriorada
500 _aC52
651 4 _aMéxico
_xHistoria
_yRevolución, 1910-1917
_915730
902 _aGFM
942 _2lcc
_cB
999 _c5955
_d5955